|
|
|
|
| LEADER |
00000nam0a2200000 4500 |
| 001 |
138722 |
| 005 |
20231031141528.0 |
| 010 |
|
|
|a 9785699251315
|
| 035 |
|
|
|a (RuTPU)RU\TPU\book\150300
|
| 090 |
|
|
|a 138722
|
| 100 |
|
|
|a 20080529d2008 m y0rusy50 ca
|
| 101 |
0 |
|
|a rus
|
| 102 |
|
|
|a RU
|
| 105 |
|
|
|a y z 000ay
|
| 200 |
1 |
|
|a Западня
|e [фантастический роман]
|f А. Орлов
|
| 210 |
|
|
|a Москва
|c Эксмо
|d 2008
|
| 215 |
|
|
|a 384 с.
|
| 225 |
1 |
|
|a Русский фантастический боевик
|
| 330 |
|
|
|a Удержать удачу нелегко. Джек выпустил ее из рук, и все посыпалось — ушли деньги и любовницы, пришли долги и нежданная бедность. Хорошо, что остался друг-однополчанин. С ним на пару они когда-то ходили в разведку, так почему не рискнуть сейчас, чтобы вернуть себе все? И снова в путь, знакомый до горечи, где за каждым углом может ждать снайпер. Держись, солдат, твой автомат при тебе, и опыт дорогого стоит, ведь его не пропьешь.
|
| 610 |
1 |
|
|a русская литература
|
| 610 |
1 |
|
|a романы
|
| 610 |
1 |
|
|a фантастика
|
| 610 |
1 |
|
|a боевики
|
| 675 |
|
|
|a Р2
|v 3
|
| 700 |
|
1 |
|a Орлов
|b А.
|g Алекс
|
| 801 |
|
1 |
|a RU
|b 63413507
|c 20080529
|g PSBO
|
| 801 |
|
2 |
|a RU
|b 63413507
|c 20080605
|g PSBO
|
| 942 |
|
|
|c BK
|